| 000 | 00914nam a2200253Ia 4500 | ||
|---|---|---|---|
| 003 | 0 | ||
| 005 | 20250129095733.0 | ||
| 008 | 190208s9999 xx 000 0 und d | ||
| 050 |
_aPGS TK 2896 _b.T164 2016 |
||
| 100 | _aTangog, Gwyneth Margaux G. | ||
| 245 |
_aSaltwater as alternative power source and the community's awareness / _cGwyneth Margaux G. Tangog. |
||
| 260 |
_aLas PiƱas City, Philippines : _bSouthville International School and Colleges, _c2016. |
||
| 300 |
_a32 p. : _bcol. ill. ; _c28 cm. |
||
| 504 | _aIncludes bibliographical references. | ||
| 650 | _aSaltwater as energy source. | ||
| 650 | _aAlternative energy sources. | ||
| 650 | _aRenewable energy. | ||
| 650 | _aEnergy from seawater. | ||
| 650 | _aEnergy conservation. | ||
| 650 | _aPublic awareness. | ||
| 650 | _aSocial aspects of energy. | ||
| 650 | _aCommunity participation in energy conservation. | ||
| 942 |
_2lcc _cPASS |
||
| 999 |
_c361280 _d361280 |
||